[Event "Haustmot TR-A"]
[Site "Reykjavik"]
[Date "2016.10.07"]
[Round "5"]
[White "Stefansson, Vignir Vatnar"]
[Black "Olafsson, Thorvadur F"]
[Result "1/2-1/2"]
[WhiteElo "2129"]
[BlackElo "2184"]
[PlyCount "102"]
[EventDate "2016.09.18"]
[EventType "tourn"]
[EventRounds "9"]
[EventCountry "ISL"]

1. g3 Nf6 2. Bg2 d5 3. Nf3 g6 4. d3 Bg7 5. Nbd2 O-O 6. O-O c6 7. e4 Na6 8. Qe2
Bg4 9. h3 Bxf3 10. Nxf3 e6 11. c3 Re8 12. e5 Nd7 13. Bf4 b5 14. a4 bxa4 15.
Rxa4 Nac5 16. Ra3 a5 17. Rfa1 a4 18. Nd4 Rc8 19. Qe3 Qb6 20. b4 axb3 21. Nxb3
Nxb3 22. Qxb6 Nxb6 23. Rxb3 Nd7 24. d4 Rc7 25. Ra6 c5 26. h4 cxd4 27. cxd4 Rec8
28. Kh2 Nb8 29. Ra4 Nc6 30. Rc3 Ne7 31. Rxc7 Rxc7 32. Ra8+ Rc8 33. Rxc8+ Nxc8
34. Bd2 Ne7 35. Bf1 Nc6 36. Bc3 Bf8 37. Kg2 Bb4 38. Ba1 Ba5 39. Bb5 Ne7 40. g4
Bb4 41. Bd7 h5 42. f3 Be1 43. Kh3 Bf2 44. Bc3 Kg7 45. Bb2 Ng8 46. Bc3 Nh6 47.
Bb5 Ng8 48. Bd7 Nh6 49. Ba4 Ng8 50. Bd1 Nh6 51. Bb2 Ng8 1/2-1/2

[Event "Haustmot TR-A"]
[Site "Reykjavik"]
[Date "2016.10.07"]
[Round "5"]
[White "Ragnarsson, Dagur"]
[Black "Loftsson, Hrafn"]
[Result "1-0"]
[WhiteElo "2272"]
[BlackElo "2192"]
[PlyCount "105"]
[EventDate "2016.09.18"]
[EventType "tourn"]
[EventRounds "9"]
[EventCountry "ISL"]

1. e4 g6 2. d4 Bg7 3. Nf3 d6 4. h3 Nf6 5. Bd3 O-O 6. O-O Nbd7 7. e5 dxe5 8.
dxe5 Nd5 9. Qe2 N7b6 10. Rd1 Qe8 11. a3 c6 12. b3 Bd7 13. c4 Nc7 14. Bb2 Ne6
15. Qe3 c5 16. Nc3 Bc6 17. Be4 Bxe4 18. Qxe4 Qc6 19. Nd5 Rfe8 20. a4 Nc7 21.
Nc3 Rad8 22. Qh4 Nc8 23. Ne4 Ne6 24. Nfg5 Nxg5 25. Nxg5 h6 26. Ne4 b6 27. Qg4
Qc7 28. f4 Rxd1+ 29. Rxd1 Rd8 30. Nc3 e6 31. Qf3 Rxd1+ 32. Qxd1 a6 33. Ne4 Ne7
34. Qd6 Qxd6 35. Nxd6 g5 36. g3 Nc6 37. Bc3 Ne7 38. Kf2 gxf4 39. gxf4 a5 40.
Kf3 Bf8 41. Ke4 h5 42. Be1 Nc6 43. Nc8 Nd4 44. Nxb6 Nxb3 45. Nc8 Kh7 46. Nd6
f5+ 47. Ke3 Bh6 48. Nb7 Nd4 49. Bxa5 Nc6 50. Bc3 Bf8 51. a5 Kg8 52. a6 Be7 53.
Ba5 1-0

[Event "Haustmot TR-A"]
[Site "Reykjavik"]
[Date "2016.10.07"]
[Round "5"]
[White "Sigurdsson, Birkir Karl"]
[Black "Jonsson, Gauti P"]
[Result "1/2-1/2"]
[WhiteElo "1900"]
[BlackElo "2082"]
[PlyCount "87"]
[EventDate "2016.09.18"]
[EventType "tourn"]
[EventRounds "9"]
[EventCountry "ISL"]

1. d4 e6 2. c4 f5 3. Nf3 Nf6 4. Bg5 Bb4+ 5. Nc3 h6 6. Bxf6 Qxf6 7. a3 Bxc3+ 8.
bxc3 O-O 9. g3 d6 10. Bg2 Nd7 11. O-O c6 12. Qb3 Kh8 13. Rfe1 e5 14. e4 f4 15.
Qc2 b6 16. Rad1 Bb7 17. Nh4 g6 18. Qe2 Rf7 19. Qg4 Nf8 20. Rf1 Bc8 21. Qe2 g5
22. Nf5 Bxf5 23. exf5 Qxf5 24. Qh5 f3 25. Bh3 Qg6 26. Qxg6 Nxg6 27. dxe5 Nxe5
28. Rxd6 Kg7 29. Re1 Nxc4 30. Rxc6 Nxa3 31. Ra1 Nb5 32. Bf1 Nc7 33. Bd3 Rd8 34.
Rg6+ Kf8 35. Bc4 Rfd7 36. Bb3 Nd5 37. Re1 Re7 38. Rd1 Red7 39. Ba4 Ne7 40. Rf6+
Kg7 41. Rxd7 Rxd7 42. Rxf3 Rc7 43. Bb3 Ng6 44. Re3 1/2-1/2

[Event "Haustmot TR-A"]
[Site "Reykjavik"]
[Date "2016.10.07"]
[Round "5"]
[White "Viglundsson, Bjorgvin"]
[Black "Johannesson, Ingvar Thor"]
[Result "0-1"]
[WhiteElo "2185"]
[BlackElo "2367"]
[PlyCount "46"]
[EventDate "2016.09.18"]
[EventType "tourn"]
[EventRounds "9"]
[EventCountry "ISL"]

1. d4 Nf6 2. c4 g6 3. Nc3 Bg7 4. e4 d6 5. Nf3 O-O 6. Be2 Na6 7. O-O e5 8. Be3
Ng4 9. Bg5 Qe8 10. Re1 exd4 11. Nxd4 Qe5 12. Bxg4 Qxg5 13. Bxc8 Raxc8 14. Nf3
Qe7 15. Qc2 c6 16. Rad1 Rcd8 17. a3 Nc5 18. Nd4 Ne6 19. Nce2 Rfe8 20. f3 Qc7
21. Kh1 Be5 22. b4 Qe7 23. g3 Qf6 0-1

[Event "Haustmot TR-A"]
[Site "Reykjavik"]
[Date "2016.10.07"]
[Round "5"]
[White "Hardarson, Jon Trausti"]
[Black "Johannesson, Oliver Aron"]
[Result "1-0"]
[WhiteElo "2100"]
[BlackElo "2255"]
[PlyCount "101"]
[EventDate "2016.09.18"]
[EventType "tourn"]
[EventRounds "9"]
[EventCountry "ISL"]

1. e4 c5 2. Nf3 e6 3. d4 cxd4 4. Nxd4 Nc6 5. Nc3 Qc7 6. Be3 a6 7. Qd2 Nf6 8.
O-O-O Bb4 9. f3 O-O 10. Kb1 b5 11. Nxc6 Qxc6 12. Bd4 Be7 13. g4 Bb7 14. g5 Nh5
15. Ne2 Rac8 16. Rc1 Qc7 17. Bh3 f5 18. gxf6 Nxf6 19. Qg5 Rf7 20. Qg2 Bc5 21.
Rhg1 Bxd4 22. Nxd4 Qe5 23. Qd2 h6 24. Rcd1 Kh7 25. Qg2 g5 26. Qd2 Nh5 27. Bg4
Nf4 28. h4 gxh4 29. Rh1 Ng6 30. Bf5 exf5 31. Nxf5 Rc6 32. Qxh6+ Kg8 33. Rdg1
Rg7 34. Rxh4 Kf7 35. Rhg4 Rg8 36. Qh7+ Rg7 37. Qh6 Rg8 38. Qh7+ Rg7 39. Qh5 Qc5
40. Nh6+ Ke8 41. Qxc5 Rxc5 42. Rxg6 Rxg6 43. Rxg6 d5 44. Rg8+ Kd7 45. Rg7+ Kc8
46. Nf5 Ba8 47. Nd6+ Kb8 48. Rg8+ Ka7 49. e5 d4 50. f4 Bd5 51. Rc8 1-0

[Event "Haustmot TR-B"]
[Site "Reykjavik"]
[Date "2016.10.07"]
[Round "5"]
[White "Mai, Aron Thor"]
[Black "Kristinsson, Magnus"]
[Result "1-0"]
[WhiteElo "1845"]
[BlackElo "1833"]
[PlyCount "55"]
[EventDate "2016.09.18"]
[EventType "tourn"]
[EventRounds "9"]
[EventCountry "ISL"]

1. e4 c5 2. Nf3 Nf6 3. Nc3 d6 4. d4 cxd4 5. Nxd4 g6 6. Be3 Bg7 7. f3 Nc6 8. Qd2
O-O 9. g4 Bd7 10. h4 h5 11. O-O-O Rc8 12. Kb1 hxg4 13. h5 Ne5 14. Bh6 gxf3 15.
Bxg7 Kxg7 16. hxg6 fxg6 17. Nd5 Rh8 18. Rxh8 Qxh8 19. Nxe7 Re8 20. Nd5 Qh4 21.
Qb4 Nxe4 22. Bd3 Kh6 23. Bxe4 Qxe4 24. Rh1+ Kg5 25. Qd2+ Kg4 26. Ne3+ Kg5 27.
Nd5+ Kg4 28. Nf6+ 1-0

[Event "Haustmot TR-B"]
[Site "Reykjavik"]
[Date "2016.10.07"]
[Round "5"]
[White "Fridthjofsdottir, Sigurlaug"]
[Black "Lemery, Jon Thor"]
[Result "1/2-1/2"]
[WhiteElo "1802"]
[BlackElo "1591"]
[PlyCount "109"]
[EventDate "2016.09.18"]
[EventType "tourn"]
[EventRounds "9"]
[EventCountry "ISL"]

1. e4 e5 2. Nf3 Nc6 3. Bb5 a6 4. Bxc6 dxc6 5. O-O Bg4 6. h3 h5 7. d3 Qf6 8.
Nbd2 Bd6 9. c3 Ne7 10. Qc2 Ng6 11. d4 O-O-O 12. dxe5 Nxe5 13. Nxe5 Qxe5 14. f4
Qc5+ 15. Kh1 Be7 16. b4 Qa7 17. Nc4 Be6 18. Be3 c5 19. Ne5 Bd6 20. Nf3 Bc4 21.
Rfd1 Rhe8 22. e5 Be7 23. Rxd8+ Rxd8 24. Rd1 b6 25. Rxd8+ Kxd8 26. Qd2+ Kc8 27.
f5 Qb7 28. e6 fxe6 29. Ne5 Qd5 30. Ng6 Qxd2 31. Bxd2 Bf6 32. fxe6 Bxe6 33. a3
cxb4 34. cxb4 b5 35. Bc1 Kd7 36. Nf4 Bf7 37. Nd3 Bd4 38. Bf4 Bb6 39. Be5 g6 40.
Kh2 Ke6 41. Bg7 a5 42. Kg3 axb4 43. axb4 Kd5 44. Kf4 c5 45. bxc5 Bxc5 46. g4
Bd6+ 47. Ke3 b4 48. gxh5 gxh5 49. Bf6 b3 50. h4 Bg6 51. Nf4+ Bxf4+ 52. Kxf4 Kc4
53. Ke3 Bf7 54. Bb2 Bg6 55. Bf6 1/2-1/2

[Event "Haustmot TR-B"]
[Site "Reykjavik"]
[Date "2016.10.07"]
[Round "5"]
[White "Hauksson, Hordur Aron"]
[Black "Kristjansson, Halldor"]
[Result "1-0"]
[WhiteElo "1867"]
[BlackElo "1649"]
[PlyCount "49"]
[EventDate "2016.09.18"]
[EventType "tourn"]
[EventRounds "9"]
[EventCountry "ISL"]

1. d4 f5 2. Nc3 e6 3. e4 g6 4. e5 Bg7 5. Nf3 d6 6. Bf4 a6 7. Qe2 d5 8. h4 h6 9.
O-O-O Ne7 10. Rg1 O-O 11. Qe3 Kh7 12. Bd3 Nbc6 13. a3 Bd7 14. g4 Be8 15. h5 g5
16. Bxg5 hxg5 17. Nxg5+ Kh8 18. Nxe6 f4 19. Qh3 Qd7 20. h6 Bxe5 21. Nxf8 Qc8
22. dxe5 Nxe5 23. Qh4 Nxd3+ 24. Rxd3 Ng6 25. Qf6+ 1-0

[Event "Haustmot TR-B"]
[Site "Reykjavik"]
[Date "2016.10.07"]
[Round "5"]
[White "Magnusdottir, Veronika S"]
[Black "Briem, Stephan"]
[Result "0-1"]
[WhiteElo "1777"]
[BlackElo "1569"]
[PlyCount "84"]
[EventDate "2016.09.18"]
[EventType "tourn"]
[EventRounds "9"]
[EventCountry "ISL"]

1. e4 c5 2. Nf3 d6 3. d4 cxd4 4. Nxd4 Nf6 5. Nc3 g6 6. Be3 Bg7 7. f3 O-O 8. Bc4
Nc6 9. Qd2 Bd7 10. O-O-O Rc8 11. Bb3 Ne5 12. Rhe1 Nc4 13. Bxc4 Rxc4 14. Bg5 Qc7
15. Bxf6 exf6 16. Ndb5 Bxb5 17. Nxb5 Qc5 18. Na3 Rb4 19. Qxd6 Qxd6 20. Rxd6
Bh6+ 21. Kb1 Bf4 22. Rd7 Bxh2 23. c3 Rb6 24. Red1 Kg7 25. R1d5 Rc8 26. Rb5 Rxb5
27. Nxb5 a6 28. Nd4 b6 29. Ne6+ Kg8 30. Nd8 Rc7 31. Rxc7 Bxc7 32. Nc6 Bd6 33.
Kc2 Kf8 34. Kd3 Ke8 35. Kc4 Kd7 36. Kd5 Bc7 37. g4 h5 38. gxh5 gxh5 39. Nb4 h4
40. Nd3 Bg3 41. Nc1 h3 42. Ne2 Bf2 0-1

[Event "Haustmot TR-B"]
[Site "Reykjavik"]
[Date "2016.10.07"]
[Round "5"]
[White "Mai, Alexander O"]
[Black "Luu, Robert"]
[Result "0-1"]
[WhiteElo "1656"]
[BlackElo "1672"]
[PlyCount "68"]
[EventDate "2016.09.18"]
[EventType "tourn"]
[EventRounds "9"]
[EventCountry "ISL"]

1. e4 c5 2. Nf3 d6 3. d4 cxd4 4. Nxd4 Nf6 5. Nc3 a6 6. Bg5 e6 7. f4 Qb6 8. Qd2
Nc6 9. Nb3 Be7 10. O-O-O Qc7 11. g4 b5 12. Bxf6 gxf6 13. Bg2 Bb7 14. Nd5 Qd8
15. Rhe1 Rb8 16. Nxe7 Kxe7 17. g5 fxg5 18. fxg5 Rg8 19. Qf4 Ne5 20. Nc5 Qc7 21.
Nd3 Rbc8 22. Re2 Rg6 23. Rf2 Rf8 24. Rfd2 Nc4 25. Rf2 Qb6 26. Re2 f6 27. gxf6+
Rgxf6 28. Qh4 R8f7 29. e5 dxe5 30. Bxb7 Qxb7 31. Nc5 Qf3 32. Rd7+ Ke8 33. Rxf7
Qxe2 34. Rxf6 Qd2+ 0-1

[Event "Haustmot TR-Open"]
[Site "Reykjavik"]
[Date "2016.10.07"]
[Round "5"]
[White "Ulfsson, Olafur Evert"]
[Black "Sigurvaldason, Hjalmar"]
[Result "1-0"]
[WhiteElo "1464"]
[BlackElo "1485"]
[PlyCount "97"]
[EventDate "2016.09.18"]
[EventType "swiss"]
[EventRounds "9"]
[EventCountry "ISL"]

1. e4 c6 2. d4 d5 3. Nc3 dxe4 4. Nxe4 Bf5 5. Ng3 Bg6 6. Nf3 Nd7 7. Bc4 e6 8.
O-O Ngf6 9. Re1 Be7 10. Ng5 Nd5 11. Nf3 O-O 12. Be3 Nxe3 13. fxe3 c5 14. c3
cxd4 15. exd4 Bh4 16. Nxh4 Qxh4 17. Qf3 Rab8 18. Bd3 Bxd3 19. Qxd3 b5 20. Re4
Qg5 21. Qe2 Qd5 22. a4 a6 23. axb5 axb5 24. Ra5 Qc4 25. Kf2 Rfc8 26. Re3 h6 27.
Ne4 Qxe2+ 28. Kxe2 Rb6 29. b3 e5 30. d5 Nc5 31. Nd2 f6 32. b4 Nd7 33. Ra7 Rd6
34. Rd3 f5 35. Nb1 e4 36. Rd1 f4 37. Rb7 Nb6 38. Rd4 Nxd5 39. Rxe4 Nxc3+ 40.
Nxc3 Rxc3 41. Rxb5 Rc2+ 42. Kf3 g5 43. g3 Rd3+ 44. Kg4 f3 45. Rf5 f2 46. h4 Rd1
47. Re8+ Kg7 48. Re7+ Kg6 49. h5# 1-0

[Event "Haustmot TR-Open"]
[Site "Reykjavik"]
[Date "2016.10.07"]
[Round "5"]
[White "Vignisson, Ingvar Egill"]
[Black "Moller, Tomas"]
[Result "1-0"]
[WhiteElo "1554"]
[BlackElo "1028"]
[PlyCount "119"]
[EventDate "2016.09.18"]
[EventType "swiss"]
[EventRounds "9"]
[EventCountry "ISL"]

1. e4 c5 2. Nf3 e6 3. d4 cxd4 4. Nxd4 Nc6 5. Nc3 Qc7 6. Be2 a6 7. Be3 Nf6 8.
O-O Be7 9. a3 b5 10. Nxc6 Qxc6 11. Bf3 Bb7 12. e5 Nd5 13. Nxd5 exd5 14. Qd2 f6
15. exf6 Bxf6 16. c3 Qd6 17. Bf4 Qc6 18. Rfe1+ Kd8 19. Rad1 Re8 20. Rxe8+ Kxe8
21. Bxd5 Qxd5 22. Qxd5 Bxd5 23. Rxd5 Rc8 24. Be5 Bxe5 25. Rxe5+ Kf7 26. f4 Rc4
27. g3 Rc6 28. Kf2 Rd6 29. Ke2 Rh6 30. h4 Rg6 31. Re3 Kf6 32. Kf3 Kf7 33. g4
Rd6 34. Ke2 Rf6 35. f5 g6 36. fxg6+ Rxg6 37. Re4 d5 38. Rd4 Ke6 39. Kd3 Rf6 40.
g5 Rf3+ 41. Ke2 Rh3 42. Kd2 Rh2+ 43. Kc1 Rh1+ 44. Kc2 Rh2+ 45. Kb3 Re2 46. a4
Re4 47. axb5 axb5 48. Kb4 Rxd4+ 49. cxd4 Kf5 50. Kxb5 Ke4 51. Kc5 Kf4 52. b4
Kg4 53. b5 Kxh4 54. b6 Kxg5 55. b7 h5 56. b8=Q h4 57. Kxd5 h3 58. Ke4 Kg4 59.
Qh2 Kh4 60. d5 1-0

[Event "Haustmot TR-Open"]
[Site "Reykjavik"]
[Date "2016.10.07"]
[Round "5"]
[White "Briem, Benedikt"]
[Black "Jonasson, Hordur"]
[Result "1/2-1/2"]
[WhiteElo "1093"]
[BlackElo "1532"]
[PlyCount "78"]
[EventDate "2016.09.18"]
[EventType "swiss"]
[EventRounds "9"]
[EventCountry "ISL"]

1. d4 Nf6 2. c4 g6 3. Nf3 Bg7 4. Nc3 d6 5. e3 O-O 6. Bd3 Re8 7. O-O e5 8. dxe5
dxe5 9. Be2 Qe7 10. Qc2 Rd8 11. b3 Nc6 12. a3 b6 13. Bb2 Bb7 14. Rad1 Rxd1 15.
Rxd1 Rd8 16. Rxd8+ Nxd8 17. h3 h6 18. Qd2 a6 19. Qc2 c5 20. Qd2 Qc7 21. Qc2 Ne6
22. Qd2 Ne4 23. Nxe4 Bxe4 24. Qe1 Bc6 25. Qa1 f6 26. Qd1 Bf8 27. Qd2 Qb7 28.
Qd1 Ng5 29. Kf1 Kg7 30. Kg1 Nxf3+ 31. Bxf3 e4 32. Be2 Qc7 33. Qd2 Bd6 34. Qd1
Qe7 35. Qd2 Kf7 36. Qc3 Be5 37. Qd2 Bc7 38. Qd1 h5 39. Qd2 Qd6 1/2-1/2

[Event "Haustmot TR-Open"]
[Site "Reykjavik"]
[Date "2016.10.07"]
[Round "5"]
[White "Magnusson, Thorsteinn"]
[Black "Heidarsson, Arnar"]
[Result "1-0"]
[WhiteElo "1415"]
[BlackElo "1340"]
[PlyCount "109"]
[EventDate "2016.09.18"]
[EventType "swiss"]
[EventRounds "9"]
[EventCountry "ISL"]

1. d4 Nf6 2. Bf4 d5 3. e3 Bf5 4. c4 e6 5. Qb3 b6 6. Nc3 Bd6 7. Bg3 c6 8. Nf3
Bxg3 9. hxg3 Nbd7 10. cxd5 cxd5 11. Bb5 O-O 12. Nh4 Bg6 13. Nxg6 fxg6 14. f3
Qc7 15. f4 a6 16. Bxd7 Nxd7 17. e4 Rfe8 18. Kf2 dxe4 19. Nxe4 Rac8 20. Rac1
Qxc1 21. Rxc1 Rxc1 22. Ng5 Rc6 23. d5 Nc5 24. Qc4 Rd6 25. Nxe6 Nxe6 26. dxe6
Rexe6 27. Qxa6 Rd2+ 28. Kf3 Rxb2 29. Qa8+ Kf7 30. Qd5 Rbe2 31. Qd7+ Kf6 32.
Qd8+ Kf7 33. Qc7+ Kf8 34. Qc8+ Re8 35. Qc4 R8e3+ 36. Kg4 h5+ 37. Kh3 Re7 38.
Qd5 R2e6 39. Qd8+ Re8 40. Qd4 Kg8 41. Qd5 Kh7 42. a4 Re1 43. Kh2 Ra1 44. f5
Ree1 45. fxg6+ Kxg6 46. Qd6+ Kh7 47. Qd3+ g6 48. Qd7+ Kh6 49. Qd2+ Kg7 50. Qd7+
Kf6 51. Qd6+ Kf5 52. Qd5+ Re5 53. Qd3+ Re4 54. Qf3+ Ke5 55. Qc3+ 1-0

[Event "Haustmot TR-Open"]
[Site "Reykjavik"]
[Date "2016.10.07"]
[Round "5"]
[White "Bjarnason, Arnaldur"]
[Black "Davidsson, Stefan Orri"]
[Result "0-1"]
[WhiteElo "1647"]
[BlackElo "1386"]
[PlyCount "58"]
[EventDate "2016.09.18"]
[EventType "swiss"]
[EventRounds "9"]
[EventCountry "ISL"]

1. e4 c5 2. Nf3 d6 3. d4 cxd4 4. Nxd4 Nf6 5. Nc3 a6 6. Be3 e6 7. f3 b5 8. Qd2
Bb7 9. g4 Be7 10. h4 Nfd7 11. g5 Qc7 12. Bd3 Nc6 13. f4 Nc5 14. h5 b4 15. Nce2
a5 16. f5 Nxd4 17. Nxd4 Nxe4 18. Bxe4 Bxe4 19. Rf1 e5 20. Nb5 Qc6 21. a4 O-O
22. f6 Bd8 23. fxg7 Kxg7 24. Nxd6 Be7 25. h6+ Kg8 26. Nxe4 Qxe4 27. O-O-O b3
28. c3 Qxa4 29. Rde1 Qa1# 0-1

[Event "Haustmot TR-Open"]
[Site "Reykjavik"]
[Date "2016.10.07"]
[Round "5"]
[White "Alexandersson, Orn"]
[Black "Kristjansson, Halldor Atli"]
[Result "0-1"]
[WhiteElo "1217"]
[BlackElo "1417"]
[PlyCount "78"]
[EventDate "2016.09.18"]
[EventType "swiss"]
[EventRounds "9"]
[EventCountry "ISL"]

1. d4 b6 2. c4 Nf6 3. a3 e6 4. Nf3 Bb7 5. Nc3 d5 6. cxd5 Nxd5 7. Qc2 Nd7 8. e4
Nxc3 9. bxc3 Nf6 10. Bd3 h6 11. Bf4 Be7 12. O-O O-O 13. Rfe1 c5 14. Qb3 Rc8 15.
Rad1 c4 16. Bxc4 Nxe4 17. a4 Nd6 18. Bd3 Bxf3 19. gxf3 Bg5 20. Bg3 h5 21. Qb4
Nf5 22. f4 Be7 23. Qb1 h4 24. Bxf5 exf5 25. Qxf5 hxg3 26. hxg3 Rxc3 27. Kg2
Qa8+ 28. d5 Bc5 29. Rh1 Rd8 30. Qh7+ Kf8 31. Qe4 Kg8 32. Qe5 Rc2 33. Qe4 Rxf2+
34. Kh3 Re8 35. Qb1 Qc8+ 36. g4 Re3+ 37. Kh4 Be7+ 38. g5 Rxf4+ 39. Kh5 Qg4# 0-1

[Event "Haustmot TR-Open"]
[Site "Reykjavik"]
[Date "2016.10.07"]
[Round "5"]
[White "Thrastarson, Tryggvi K"]
[Black "Karlsson, Isak Orri"]
[Result "1-0"]
[WhiteElo "1450"]
[BlackElo "1148"]
[PlyCount "119"]
[EventDate "2016.09.18"]
[EventType "swiss"]
[EventRounds "9"]
[EventCountry "ISL"]

1. e4 e5 2. Nf3 Nc6 3. Bb5 d6 4. Nc3 a6 5. Bxc6+ bxc6 6. d4 Bg4 7. Be3 g6 8. h3
Bxf3 9. Qxf3 Bg7 10. Qd1 Ne7 11. O-O d5 12. dxe5 Bxe5 13. Bd4 Qd6 14. Re1 dxe4
15. Nxe4 Qxd4 16. Qxd4 Bxd4 17. c3 Bg7 18. Re2 O-O 19. Rae1 Rad8 20. Nc5 Nd5
21. g3 a5 22. c4 Nb4 23. a3 Bd4 24. axb4 axb4 25. Nb3 Bf6 26. Nc1 Rd7 27. b3
Rfd8 28. Re8+ Rxe8 29. Rxe8+ Kg7 30. Re1 Bc3 31. Rf1 Rd2 32. Re1 c5 33. Kf1 Bd4
34. Re2 Rd1+ 35. Re1 Rxe1+ 36. Kxe1 Kf6 37. Ke2 Ke5 38. Nd3+ Kf5 39. Kf3 g5 40.
g4+ Ke6 41. Ke4 f6 42. f4 c6 43. f5+ Kd6 44. Kf3 Be5 45. Ke4 Bd4 46. Kf3 Ke7
47. Ke4 Kf7 48. Nxb4 Ke8 49. Nxc6 Bf2 50. Kd5 Kd7 51. Nb8+ Kc7 52. Nc6 Kd7 53.
b4 cxb4 54. Nxb4 Bb6 55. c5 Ba5 56. Nc6 Bc7 57. Nd4 Bb8 58. c6+ Ke7 59. Ne6 Be5
60. Kc5 1-0

[Event "Haustmot TR-Open"]
[Site "Reykjavik"]
[Date "2016.10.07"]
[Round "5"]
[White "Hakonarson, Sverrir"]
[Black "Olafsson, Arni"]
[Result "1-0"]
[WhiteElo "1338"]
[BlackElo "1156"]
[PlyCount "65"]
[EventDate "2016.09.18"]
[EventType "swiss"]
[EventRounds "9"]
[EventCountry "ISL"]

1. d4 d5 2. Bf4 c6 3. Nf3 Nf6 4. e3 e6 5. Bd3 Bd6 6. Bg3 Bxg3 7. hxg3 h6 8.
Nbd2 Nbd7 9. Ne5 Qc7 10. f4 c5 11. c3 b6 12. g4 Rf8 13. Qa4 Kd8 14. Ndf3 g5 15.
Rxh6 gxf4 16. exf4 Bb7 17. Nxd7 Nxd7 18. g3 Rc8 19. Bb5 Bc6 20. Bxc6 Qxc6 21.
Qxc6 Rxc6 22. g5 Rg8 23. Kd2 Ke7 24. Ne5 Nxe5 25. dxe5 Rc7 26. Rah1 Rcc8 27.
Rf6 Rg7 28. Rfh6 Rgg8 29. Rh7 Rcf8 30. R1h6 c4 31. Ke3 Rb8 32. Rf6 Rgf8 33. g6
1-0

[Event "Haustmot TR-Open"]
[Site "Reykjavik"]
[Date "2016.10.07"]
[Round "5"]
[White "Kristbergsson, Bjorgvin"]
[Black "Thorisson, Benedikt"]
[Result "1-0"]
[WhiteElo "1081"]
[BlackElo "1169"]
[PlyCount "69"]
[EventDate "2016.09.18"]
[EventType "swiss"]
[EventRounds "9"]
[EventCountry "ISL"]

1. c4 e5 2. e4 Nf6 3. Nc3 Bb4 4. a3 Bxc3 5. bxc3 O-O 6. Bd3 d6 7. h3 Be6 8. Nf3
Na6 9. Ng5 Nc5 10. Qe2 Nxd3+ 11. Qxd3 h6 12. Nxe6 fxe6 13. g4 d5 14. exd5 exd5
15. Qg6 Nh7 16. Qe6+ Kh8 17. d3 Rf6 18. Qxd5 Qxd5 19. cxd5 Rd8 20. c4 Rf3 21.
Ke2 Ng5 22. Bxg5 Rdf8 23. Be3 Kh7 24. Rab1 b6 25. a4 Kg6 26. h4 h5 27. Rhg1 Rh3
28. gxh5+ Kxh5 29. Rg5+ Kxh4 30. Rbg1 Rh2 31. Rxg7 Rf5 32. R1g4+ Kh5 33. Rg3
Kh4 34. Rh7+ Rh5 35. Bg5# 1-0